| Tag |
First Indicator |
Second Indicator |
Subfields |
| LEADER |
00000cam a22000005i 4500 |
| 001 |
in00003729068 |
| 005 |
20210728130239.0 |
| 006 |
m o d |
| 007 |
cr nn 008mamaa |
| 008 |
151125s2005 xxu| o |||| 0|eng d |
| 020 |
|
|
|a 9781403979247
|9 978-1-4039-7924-7
|
| 024 |
7 |
|
|a 10.1057/9781403979247
|2 doi
|
| 035 |
|
|
|a (DE-He213)978-1-4039-7924-7
|
| 035 |
|
|
|a 5310090
|
| 040 |
|
|
|d UtOrBLW
|
| 050 |
|
4 |
|a BL60
|
| 072 |
|
7 |
|a HRAM
|2 bicssc
|
| 072 |
|
7 |
|a SOC039000
|2 bisacsh
|
| 082 |
0 |
4 |
|a 306.6
|2 23
|
| 245 |
0 |
0 |
|a Religion, Social Practice, and Contested Hegemonies :
|b Reconstructing the Public Sphere in Muslim Majority Societies /
|c edited by Armando Salvatore, Mark LeVine.
|
| 264 |
|
1 |
|a New York :
|b Palgrave Macmillan US :
|b Imprint: Palgrave Macmillan,
|c 2005.
|
| 300 |
|
|
|a 1 online resource (264 pages)
|
| 336 |
|
|
|a text
|b txt
|2 rdacontent
|
| 337 |
|
|
|a computer
|b c
|2 rdamedia
|
| 338 |
|
|
|a online resource
|b cr
|2 rdacarrier
|
| 347 |
|
|
|a text file
|b PDF
|2 rda
|
| 490 |
1 |
|
|a Culture and Religion in International Relations
|
| 500 |
|
|
|a Electronic resource.
|
| 520 |
|
|
|a This collection of essays examines how modern public spheres reflect and mask - often both simultaneously - discourses of order, contests for hegemony, and techniques of power in the Muslim world. It builds on scholarship that re-imagines theories and practices of the public in modern and contemporary societies. While examining disparate time periods and locations, each contributor views modern and contemporary public spheres as crucial to the functioning, and understanding, of political and societal power in Muslim majority countries.
|
| 650 |
1 |
4 |
|a Religious Studies.
|
| 650 |
2 |
4 |
|a International Relations.
|
| 650 |
2 |
4 |
|a Political Philosophy.
|
| 650 |
2 |
4 |
|a Political Science.
|
| 650 |
2 |
4 |
|a Political Theory.
|
| 650 |
2 |
4 |
|a Religion and Society.
|
| 650 |
2 |
4 |
|a Social Aspects of Religion.
|
| 650 |
|
0 |
|a International relations.
|0 http://id.loc.gov/authorities/subjects/sh85067435
|
| 650 |
|
0 |
|a Political science
|x Philosophy.
|0 http://id.loc.gov/authorities/subjects/sh88004669
|
| 650 |
|
0 |
|a Political science.
|0 http://id.loc.gov/authorities/subjects/sh85104440
|
| 650 |
|
0 |
|a Religion and sociology.
|0 http://id.loc.gov/authorities/subjects/sh85112587
|
| 650 |
|
0 |
|a Religion.
|0 http://id.loc.gov/authorities/subjects/sh85112549
|
| 655 |
|
7 |
|a Electronic books.
|2 local
|
| 700 |
1 |
|
|a Levine, Mark,
|e editor.
|0 http://id.loc.gov/authorities/names/n80026379
|
| 700 |
1 |
|
|a Salvatore, Armando,
|e editor.
|0 http://id.loc.gov/authorities/names/no98118574
|
| 710 |
2 |
|
|a SpringerLink (Online service)
|0 http://id.loc.gov/authorities/names/no2005046756
|
| 773 |
0 |
|
|t Springer eBooks
|
| 776 |
1 |
8 |
|i Printed edition:
|z 9781349530823
|
| 830 |
|
0 |
|a Culture and religion in international relations.
|0 http://id.loc.gov/authorities/names/no2003019830
|
| 856 |
4 |
0 |
|u http://proxy.library.tamu.edu/login?url=https://dx.doi.org/10.1057/9781403979247
|z Connect to the full text of this electronic book
|t 0
|
| 999 |
f |
f |
|s 26b80274-2dd1-3690-b5f3-c292333cc38d
|i 93b1ea31-2d18-3521-976e-27bbb118ca43
|t 0
|
| 952 |
f |
f |
|a Texas A&M University
|b College Station
|c Electronic Resources
|d Available Online
|t 0
|e BL60
|h Library of Congress classification
|
| 998 |
f |
f |
|a BL60
|t 0
|l Available Online
|